MDQL
is popping MORE tags! Check the
thread
!
Quizzes
Events
Quiz Creation
Community
Videos
Private Events
Remove Ads
Sign In
Join for FREE
Feedback
Dark Mode
Quiz Categories
Sports
Geography
Music
Movies
Television
Just For Fun
Miscellaneous
History
Literature
Language
Science
Gaming
Entertainment
Religion
Holiday
For Kids
Quiz Lab
Recent
Popular Today
Quiz Kudos Today
Editor Picks
Curator Picks
Quizzes by...
Day
Popularity
Type
Ratings
Length
Year
Community
Subscriptions
Recent Discussions
Orange Saloon
Badges
Playlists
Quests
Create
Leaderboards
Showdown
Live 5
Trivia Bingo
Activity
Puzzle Library
Sporcle Events
Private Events
Virtual Trivia
Globe League
Become a Host
Pub Owners
SporcleCon
Opinionation
Our Games
Videos
Blog
Mobile Apps
Partnerships
Remove Ads and Go Orange
Feedback
Gaming
Video Games
Board Games
Card Games
Pokémon
Mario
Nintendo
Minecraft
Console
Toys
Legend of Zelda
Gaming
Video Games
Board Games
Card Games
Pokémon
Mario
Nintendo
Minecraft
Console
Toys
Legend of Zelda
Random Quiz
Search Sporcle
×
Quiz Lab
Quiz Lab
Gaming
Legend of Zelda
Type in answers that appear in a list
Type in answers that appear in a list
Classic
Best Score? Go Orange.
The Legend of Zelda Games Stats
Can you name the The Legend of Zelda Games?
By
quizmaker321
5m
19 Questions
182 Plays
182 Plays
182 Plays
Comments
Comments
Give Quiz Kudos
Give Quiz Kudos
-
- Ratings
hide this ad
Replay
Link that replays current quiz
Next Quiz
Link to next quiz in quiz playlist
You Got
0%
They Got
Avg Score
70%
Avg Friend Score
Upgrade to see
Score Distribution
Jump to the score distribution portion of the page
Score
0/19
Timer
05:00
0
Plays Today
System
Game
% Correct
NES
The Legend Of Zelda
96.2%
Nintendo 64
The Legend of Zelda: Ocarina of Time
93.4%
Gamecube/
Wii
The Legend of Zelda: Twilight Princess
93.4%
Nintendo 64
The Legend of Zelda: Majora's Mask
92.3%
SNES
The Legend of Zelda: A link to the Past
86.8%
Gamecube
The Legend of Zelda: Wind Waker
83.5%
Gameboy
The Legend of Zelda: Link's Awakening
78.6%
Nintendo DS
The Legend of Zelda Phantom Hourglass
76.9%
Gameboy Color
The Legend of Zelda: Oracle of Seasons
74.2%
Gameboy Color
The Legend of Zelda: Oracle of Ages
73.6%
System
Game
% Correct
Gameboy Advance
The Legend of Zelda: Four Swords
72%
Gameboy Advance
The Legend of Zelda: Minish Cap
70.9%
NES
The Legend of Zelda 2: The Adventure of Link
69.2%
Nintendo DS
The Legend of Zelda Spirit Tracks
66.5%
Wii(not released yet)
The Legend of Zelda: Skyward Sword
63.7%
Wii
Link's Crossbow Training
46.7%
Cd-
i(sucked bad)
Zelda: The Wand of Gamelon
39.6%
Cd-
i(sucked bad)
Link:Faces of Evil
31.9%
Cd-
i(sucked bad)
Zelda's Adventure
31.3%
Quiz Playlist
Details
Report
Send in Message
Add To Playlist
Classic:
Type in answers that appear in a list
Last Updated: Feb 16, 2017
Quiz Scoreboard
CHALLENGE
Sign Up to Join the Scoreboard
Show All
Scores
Hide
Comments
May contain spoilers
Recently Published
5x2 Blitz: Bands
by SL_Kpop136
Music
30s
Colored Red Africa Blitz
by spor1
Geography
30s
Find the 'City' Movie
by crazypaving
Movies
60s
More to Explore
Quiz From the Vault
Featured Blog Post
14 Easter Pick-up Lines to Find Eggs With
hide this ad
You Might Also Like...
Tags
Console Quiz
Legend of Zelda Quiz
Nintendo Quiz
System
Today's Top Quizzes in Gaming
Browse Gaming
hide this ad
Today's Top Quizzes in Legend of Zelda
Browse Legend of Zelda
Top Contributed Quizzes in Gaming
1
Dead By Daylight Logic Puzzle
2
League of Legends Pro Players by Career/Team History
3
Destiny 2 exotic weapons by perk icons
4
Genshin Impact Logic Puzzle
5
Overwatch 2: Ultimate Ability Icons
6
Genshin Impact Logic Puzzle Quiz II
7
Windmill: Elements
8
Overwatch Logic Puzzle
9
Genshin Impact Logic Puzzle Quiz
10
Genshin murder mystery
Explore More
Trending Topics
Crossword
Harry Potter
NBA
Marvel
Kpop
Disney
Anime
NFL
Puzzle
WWE
Country
Pokémon
The Office
Soccer
Song
hide this ad
More By:
quizmaker321
Quiz
Plays
Rating
Category
Featured
Created
Pikmin Trivia/Story
1,255
2.50
Gaming
Jul 1, 2010
Pikmin 2 Bosses
963
5.00
Gaming
Jun 26, 2010
Fill in the Lyrics
477
3.50
Music
Aug 16, 2011
Pikmin 1 Enemies
408
4.00
Gaming
Jul 3, 2010
Red Hot Chili Peppers Greatest Hits
353
3.33
Music
Sep 17, 2010
Go to Creator's Profile
Score Distribution
Quiz Creator Spotlight
quizmaker321
Follow
Send a Message
Quizzes Created
-
Created Quiz Play Count
-
More By This Creator
Popular Quizzes Today
1
Colored Red Africa Blitz
2
Find the 'City' Movie
3
Find the US States - No Outlines Minefield
4
5x2 Blitz: Bands
5
The Countries of the World
6
Find the US States
7
US States
8
9x9 Crossword: Cartoon Network
More Gaming Quizzes
Name all Dragon Type Pokémon!
Quiz Lab
Trending Quizzes
Colored Red Europe Blitz I
Colored Red Europe Blitz II
Colored Red Africa Blitz II
Colored Red Europe Blitz III
Colored Red Africa Blitz III
Recently Updated
How Do You Spell That?
pecheneg
Godzilla Movies
pecheneg
Grab Bag: 4-10 Letters
pecheneg
2024 March Madness Bracket
pecheneg
Famous TV Couples
Peacemaker
Champions League XIs: Real Madrid
pecheneg
Largest US Cities 1790-2010
pecheneg
Rides in Walt Disney World
pecheneg
Most Oscar Losses (Acting)
pecheneg
Beyoncé Albums
pecheneg
Trending Topics
Anime
NBA
Marvel
Kpop
Harry Potter
Crossword
Disney
Pokémon
Song
Puzzle
WWE
The Office
NFL
Country
Soccer
Your Account Isn't Verified!
In order to create a playlist on Sporcle, you need to verify the email address you used during registration. Go to your
Sporcle Settings
to finish the process.
Report this User
Report this user for behavior that violates our
Community Guidelines
.
Details:
Send Report
Go to the Sporcle.com Mobile Site →
Comments